| 000 | 00609cam a2200145 4500500 | ||
|---|---|---|---|
| 005 | 20260208002440.0 | ||
| 041 | _afre | ||
| 042 | _adc | ||
| 100 | 1 | 0 |
_aMasset, Claude _eauthor |
| 245 | 0 | 0 | _aIsabelle Berrebi-Hoffmann, ed., Politiques de l’intime. Des utopies sociales d’hier aux mondes du travail d’aujourd’hui, Paris, La Découverte, 2009, 280 p., bibl., tabl. (« Recherches ») |
| 260 | _c2011. | ||
| 500 | _a20 | ||
| 786 | 0 | _nL'Homme | 198-199 | 2 | 2011-07-01 | p. 367h-389h | 0439-4216 | |
| 856 | 4 | 1 | _uhttps://shs.cairn.info/revue-l-homme-2011-2-page-367h?lang=fr&redirect-ssocas=7080 |
| 999 |
_c1646403 _d1646403 |
||